000 00796nam a2200241 i 4500
003 DO-SdBNP
005 20230811124412.0
006 a||||fr|||| 00| 0
007 ta
008 230811e1996 dr |||| |||| 00| 0 spa d
040 _aDO-SdBNP
_bspa
_cBNPHU
_erda
082 4 _222
_bR426r
110 1 _aRepública Dominicana.
_bSecretaría de Estado de Turismo
_932026
240 _a [Leyes, etc.]
245 1 0 _aResoluciones turísticas para profesiones turísticas, escuelas de turismo, otros, (p.t.) (e.t.). /
264 1 _aSanto Domingo :
_bSecretaría de Estado de Turismo,
_c1996
300 _a32 páginas ;
_c21 cm
336 _2rdacontent
_atexto
_btxt
337 _2rdamedia
_asin mediación
_bn
338 _2rdacarrier
_avolumen
_bnc
590 _aInventariado 2023 / MF
942 _2ddc
_cLF2
999 _c54386
_d54386